| 000 | 01131cad a22002295a 4500 | ||
|---|---|---|---|
| 001 | L158075 | ||
| 008 | 140409s20140705xxk f 000 0 eng d | ||
| 020 | _a9781409841524 | ||
| 035 | _a(Sirsi) u158075 | ||
| 041 | 0 | _aeng | |
| 110 | 2 |
_aUnited Kingdom _bDepartment for Communities and Local Government _94939 |
|
| 245 | 0 | 0 |
_aEnglish housing survey _bhousehold report 2011-12 _h[electronic resource] |
| 260 |
_aLondon _bDCLG $2 014 |
||
| 520 | _aSurvey of households in England for 2011-12. Statistical data on households including numbers, overcrowding and average weekly rents, comparing private rented sector with social sector. English Housing Survey (EHS) started in April 2008, an amalgamation of the English House Condition Survey and Survey of English Housing. | ||
| 590 | _aKA | ||
| 650 | 2 | 4 | _aENGLISH HOUSE CONDITION SURVEY |
| 650 | 2 | 4 | _aSURVEY OF ENGLISH HOUSING |
| 651 | 4 |
_aEngland _y886- |
|
| 690 |
_aResidential property _96266 |
||
| 856 | 4 | 0 |
_uhttps://www.gov.uk/government/publications/english-housing-survey-2011-to-2012-household-report _zView this item free of charge at www.communities.gov.uk |
| 942 | _n0 | ||
| 999 |
_c115125 _d115125 |
||